О необычно высоких содержаниях фтора в подземных водах активного водообмена; Материалы региональной конференции геологов Сибири Дальнего Востока и Северо-Востока России; Т. 1 : Региональная геология. Геология нефти и газа. Гидрогеология и инженерная геология. Нормативно-правовое регулирование природоресурсных отношений. Геологическое и горное образование. Технология и техника геологоразведочных работ, горное дело.

Podrobná bibliografie
Parent link:Материалы региональной конференции геологов Сибири Дальнего Востока и Северо-Востока России/ гл. ред. В. А. Комаров.— : [Б. и.], 2000
Т. 1 : Региональная геология. Геология нефти и газа. Гидрогеология и инженерная геология. Нормативно-правовое регулирование природоресурсных отношений. Геологическое и горное образование. Технология и техника геологоразведочных работ, горное дело..— 2000.— С. 356-359
Další autoři: Шварцев С. Л. Степан Львович, Савичев О. Г. Олег Геннадьевич, Людвиг В. М., Картавых О. В.
Jazyk:ruština
Vydáno: 2000
Témata:
Médium: MixedMaterials Kapitola
KOHA link:https://koha.lib.tpu.ru/cgi-bin/koha/opac-detail.pl?biblionumber=159785

MARC

LEADER 00000naa2a2200000 4500
001 159785
005 20231215153711.0
035 |a (RuTPU)RU\TPU\book\173299 
090 |a 159785 
100 |a 20090514d2000 k y0rusy50 ca 
101 0 |a rus 
102 |a RU 
200 1 |a О необычно высоких содержаниях фтора в подземных водах активного водообмена   |f С. Л. Шварцев [и др.] 
320 |a Библиогр.: с. 359 (9 назв.) 
461 1 |0 (RuTPU)RU\TPU\book\192715  |t Материалы региональной конференции геологов Сибири Дальнего Востока и Северо-Востока России  |f гл. ред. В. А. Комаров  |n [Б. и.]  |d 2000 
463 0 |0 (RuTPU)RU\TPU\book\23225  |t Т. 1 : Региональная геология. Геология нефти и газа. Гидрогеология и инженерная геология. Нормативно-правовое регулирование природоресурсных отношений. Геологическое и горное образование. Технология и техника геологоразведочных работ, горное дело.  |v С. 356-359  |d 2000  |p 511 с. 
610 1 |a труды учёных ТПУ 
701 1 |a Шварцев  |b С. Л.  |c российский гидрогеолог, доктор геолого-минералогических наук  |c профессор Томского политехнического университета, академик РАЕН  |f 1936-  |g Степан Львович  |3 (RuTPU)RU\TPU\pers\25914  |4 070 
701 1 |a Савичев  |b О. Г.  |c геолог  |c профессор Томского политехнического университета, доктор географических наук  |f 1967-  |g Олег Геннадьевич  |3 (RuTPU)RU\TPU\pers\25454  |9 11394 
701 1 |a Людвиг  |b В. М.  |4 070 
701 1 |a Картавых  |b О. В.  |4 070 
801 1 |a RU  |b 63413507  |c 20090514  |g PSBO 
801 2 |a RU  |b 63413507  |c 20150831  |g PSBO 
942 |c BK